National Assembly Library of Thailand

ความรู้ชุดกฎหมายชาวบ้าน (เล่มที่ 5) (ระเบียนเลขที่ 15958)

รายละเอียดในรูปแบบ MARC
000 -LEADER
fixed length control field 02002nam a22003377a 4500
005 - DATE AND TIME OF LATEST TRANSACTION
control field 20240814173935.0
008 - FIXED-LENGTH DATA ELEMENTS--GENERAL INFORMATION
fixed length control field s2527 th tha d
040 ## - CATALOGING SOURCE
Original cataloging agency NALT
041 ## - LANGUAGE CODE
Language code of text/sound track or separate title tha
090 ## - LOCALLY ASSIGNED LC-TYPE CALL NUMBER (OCLC); LOCAL CALL NUMBER (RLIN)
Classification number (OCLC) (R) ; Classification number, CALL (RLIN) (NR) KC33 ป238ค 2527 ล.5
245 10 - TITLE STATEMENT
Title ความรู้ชุดกฎหมายชาวบ้าน (เล่มที่ 5)
260 3# - PUBLICATION, DISTRIBUTION, ETC.
Place of publication, distribution, etc. กรุงเทพฯ :
Name of publisher, distributor, etc. กองวิชาการ กรมประชาสัมพันธ์,
Date of publication, distribution, etc. 2527
300 ## - PHYSICAL DESCRIPTION
Extent 185 หน้า ;
Other physical details 18 ซม.
650 04 - SUBJECT ADDED ENTRY--TOPICAL TERM
Topical term or geographic name entry element ศ่าลภาษีอากร -- คำถามและคำตอบ
650 04 - SUBJECT ADDED ENTRY--TOPICAL TERM
Topical term or geographic name entry element กฎหมายแพ่งและพาณิชย์ -- การขายฝาก
650 04 - SUBJECT ADDED ENTRY--TOPICAL TERM
Topical term or geographic name entry element สิทธิลูกจ้าง -- คำถามและคำตอบ
650 04 - SUBJECT ADDED ENTRY--TOPICAL TERM
Topical term or geographic name entry element กฎหมายแรงงาน
650 04 - SUBJECT ADDED ENTRY--TOPICAL TERM
Topical term or geographic name entry element กฎหมายแพ่งและพาณิชย์ -- จำนอง -- คำถามและคำตอบ
650 04 - SUBJECT ADDED ENTRY--TOPICAL TERM
Topical term or geographic name entry element การรื้อฟื้นคดีอาญา -- คำถามและคำตอบ
650 04 - SUBJECT ADDED ENTRY--TOPICAL TERM
Topical term or geographic name entry element กฎหมายครอบครัว -- คำถามและคำตอบ
650 04 - SUBJECT ADDED ENTRY--TOPICAL TERM
Topical term or geographic name entry element ควมผิดฐานรับของโจร -- คำถามและคำตอบ
650 04 - SUBJECT ADDED ENTRY--TOPICAL TERM
Topical term or geographic name entry element คนต่างด้าว -- อาชีพ -- คำถามและคำตอบ
650 04 - SUBJECT ADDED ENTRY--TOPICAL TERM
Topical term or geographic name entry element กฎหมาย -- คำถามและคำตอบ
650 04 - SUBJECT ADDED ENTRY--TOPICAL TERM
Topical term or geographic name entry element ผู้จัดการมรดก -- คำถามและคำตอบ
650 04 - SUBJECT ADDED ENTRY--TOPICAL TERM
Topical term or geographic name entry element อุบัติเหตุทางรถยนต์ -- คำถามและคำตอบ
650 04 - SUBJECT ADDED ENTRY--TOPICAL TERM
Topical term or geographic name entry element ปืน -- ่คำถามและคำตอบ
850 ## - HOLDING INSTITUTION
Holding institution NALT
856 40 - ELECTRONIC LOCATION AND ACCESS
Uniform Resource Identifier <a href="https://dl.parliament.go.th/handle/lirt/461390">https://dl.parliament.go.th/handle/lirt/461390</a>
942 ## - ADDED ENTRY ELEMENTS (KOHA)
Koha item type Law Book
Source of classification or shelving scheme Library of Congress Classification
998 ## - LOCAL CONTROL INFORMATION (RLIN)
-- 25
-- นีลวัสน์ อินทรักษา
รายการที่มีในห้องสมุด
Withdrawn status Lost status Damaged status Not for loan Collection code Home library Current library Total Checkouts Full call number Barcode Date last seen Price effective from Koha item type
        Law Book collection National Assembly Library of Thailand National Assembly Library of Thailand   KC 33 ป238ค 2527 ล.5 3961131173 09/06/2017 09/06/2017 Law Book
หอสมุดรัฐสภา
สำนักงานเลขาธิการสภาผู้แทนราษฎร เลขที่ 1111 ถนนสามเสน แขวงถนนนครไชยศรี เขตดุสิต กรุงเทพฯ 10300
The Secretariat of the House of Representatives 1111 Samsen Road, Thanon Nakhon Chai Si, Dusit, Bangkok 10300, THAILAND
โทรศัพท์: +66(0) 2242 5900 ต่อ 5714-5 โทรสาร: +66(0) 2242 5990 อีเมล: [email protected]